000 00621 a2200241 4500
260 _aCotonou
100 _aATTANNON, S. Gabin
700 _aSOSSAVI, B. P. Aurel
260 _bENEAM
300 _b42 p
245 _aAssistance comptable et suivi fiscal des entreprises par les cabinets d'expertise comptable: cas de GECO-CONSEILS
650 _aCOMPTABILITE
650 _aASSISTANCE COMPTABLE
650 _aSUIVI FISCAL DES ENTREPRISES
650 _aCABINET D'EXPERT COMPTABLE
650 _aGESTION
260 _c2007
130 _lFr
500 _a2 ex
040 _aENEAM
999 _c9759
_d9759